| Tag |
First Indicator |
Second Indicator |
Subfields |
| LEADER |
00000cam a2200000 a 4500 |
| 001 |
in00001410179 |
| 005 |
20151020060914.0 |
| 008 |
961007s1997 cau b 001 0 eng |
| 010 |
|
|
|a 96039231
|
| 020 |
|
|
|a 1573090212 (alk. paper)
|
| 020 |
|
|
|a 1573090204 (pbk. : alk. paper)
|
| 035 |
|
|
|a (OCoLC)35750403
|
| 035 |
|
|
|9 AHN8147AM
|
| 040 |
|
|
|a DLC
|c DLC
|d TXA
|d UtOrBLW
|
| 049 |
|
|
|a TXAM
|
| 050 |
0 |
0 |
|a BR115.C45
|b H86 1997
|
| 082 |
0 |
0 |
|a 261/.09173/2
|2 21
|
| 245 |
0 |
0 |
|a Humanizing the city :
|b politics, religion, the arts in critical conversation /
|c edited by Patrick Primeaux.
|
| 264 |
|
1 |
|a San Francisco, Calif. :
|b Catholic Scholars Press,
|c 1997.
|
| 300 |
|
|
|a vii, 149 pages ;
|c 21 cm.
|
| 336 |
|
|
|a text
|b txt
|2 rdacontent
|
| 337 |
|
|
|a unmediated
|b n
|2 rdamedia
|
| 338 |
|
|
|a volume
|b nc
|2 rdacarrier
|
| 504 |
|
|
|a Includes bibliographical references and index.
|
| 650 |
|
0 |
|a Cities and towns
|x Religious aspects
|x Christianity.
|
| 650 |
|
0 |
|a City missions.
|
| 650 |
|
0 |
|a Church and the world.
|
| 700 |
1 |
|
|a Primeaux, Patrick.
|
| 948 |
|
|
|a c:jal
|
| 999 |
|
|
|a MARS
|
| 999 |
f |
f |
|s 62b867a5-b9ad-314d-a171-c76b483d5d2e
|i 94959592-fe4d-3209-94e4-94302b9e6c95
|t 0
|
| 952 |
f |
f |
|p ric
|a Texas A&M University
|b Rellis Campus
|c Joint Library Facility
|d Remote Storage
|t 0
|e BR115.C45 H86 1997
|h Library of Congress classification
|i unmediated -- volume
|m A14822377462
|
| 998 |
f |
f |
|a BR115.C45 H86 1997
|t 0
|l Remote Storage
|